Laboratórne cvičenia z chémie

Bibliographic Details
Main Authors: Holovská, Katarína, 1943- (Author), Sobeková, Anna, 1969- (Author), Lenártová, Viera, 1940- (Author)
Format: Book
Language:Slovak
PhysicalDescription:195 s. grafy, ilustr., tab. 24 cm
Published: V Košiciach Univerzita veterinárneho lekárstva 2007
ISBN:9788080770587
Edition:[1. vyd.]
Subjects:

MARC

LEADER 00000nam a2200000 a 4500
001 vtls009083280
003 SK-MaSNL
005 20260301182918.0
008 240314s2007 xo dal d p 000 0 slo
015 |a SNBA2007/09-04234 
020 |a 9788080770587  |q (brož.) 
035 |a 76961DA3-F57D-46AB-8942-717B83537D06 
035 |a urn:nbn:sk:snk-aml6so 
035 |a urn:nbn:sk:snk-am008ua9 
040 |a SNK  |b slo  |c SNK  |e AACR2 
041 0 |a slo 
044 |a xo  |c SK 
072 7 |a 54  |x Chémia. Mineralogické vedy  |2 konspekt 
072 7 |a 37.016  |x Učebné osnovy. Vyučovacie predmety. Učebnice  |2 konspekt 
080 |a 54  |2 2001 
080 |a (076.5)  |2 2001 
080 |a (075.8)  |2 2001 
100 1 |a Holovská, Katarína,  |d 1943-  |4 aut  |9 198351 
245 1 0 |a Laboratórne cvičenia z chémie  |c Katarína Holovská, Anna Sobeková, Viera Lenártová 
250 |a [1. vyd.] 
260 |a V Košiciach  |b Univerzita veterinárneho lekárstva  |c 2007 
300 |a 195 s.  |b grafy, ilustr., tab.  |c 24 cm 
650 0 7 |a chémia  |2 SNKPH  |9 749 
655 7 |a laboratórne cvičenia  |2 SNKPH  |9 70629 
655 7 |a učebnice vysokých škôl  |2 SNKPH  |9 70191 
700 1 |a Sobeková, Anna,  |d 1969-  |4 aut  |9 198465 
700 1 |a Lenártová, Viera,  |d 1940-  |4 aut  |9 105077 
919 |a 978-80-8077-058-7 
958 |a OND 
968 |d 53+54 
999 |c 855225  |d 857155 
952 |a SNK  |b SNK  |y VYP  |7 0  |p 17A0558837  |o snkSC 128807 D1  |i snk2007/17843  |8 0  |0 0  |1 0  |4 0  |d 2007-07-27  |l 0  |r 2026-02-24 04:54:28  |w 2026-02-24 
952 |a SNK  |b SNK  |y PREZ  |7 0  |p 17A0558838  |o snkSC 128807  |i snk2007/17842  |8 0  |0 0  |1 0  |4 0  |d 2007-07-27  |f 1  |l 0  |r 2025-06-17 00:00:00  |w 2026-02-24